| 000 | 00667nam a2200169 a 4500 | ||
|---|---|---|---|
| 001 | 000025708 | ||
| 005 | 20200930024005.0 | ||
| 008 | 110221s2007 dr 000 0 spa d | ||
| 040 |
_aDO-SdBNP _bspa _cBNPHU |
||
| 100 | 1 |
_aColumma, José Antonio _952472 |
|
| 245 | 1 | 3 |
_aEl régimen legal de aduanas y su aplicación frente al código procesal penal / _cJosé Antonio columna; editor Gregorio Lora Arias. |
| 260 |
_aSanto Domingo : _bDirección General de Aduanas, _c2007. _fEditora Búho |
||
| 300 |
_a37 p. ; _c22 cm. |
||
| 700 | 1 |
_aLora Arias, Gregorio _eed. _933361 |
|
| 710 | 2 |
_aSecretaría de Estado de Hacienda _bDirección General de Aduanas _952473 |
|
| 049 | _aBNPD | ||
| 999 |
_c25200 _d25200 |
||